Samuel Beckett et L´Univers de la fiction
Պահպանված է:
| Հիմնական հեղինակ: | |
|---|---|
| Ձևաչափ: | Գիրք |
| Լեզու: | Undetermined |
| Հրապարակվել է: |
Montreal, Canadá
Les presses de L´Université de Montréal
1976
|
| Խորագրեր: | |
| Ցուցիչներ: |
Ավելացրեք ցուցիչ
Չկան պիտակներ, Եղեք առաջինը, ով նշում է այս գրառումը!
|
MARC
| LEADER | 00000nam a2200000Ia 4500 | ||
|---|---|---|---|
| 008 | 170316s9999 xx 000 0 und d | ||
| 040 | |a cru BVZT | ||
| 090 | |a 818 S-1s | ||
| 100 | |a Saint-Martin, Fernande | ||
| 245 | |a Samuel Beckett et L´Univers de la fiction | ||
| 260 | |a Montreal, Canadá | ||
| 260 | |b Les presses de L´Université de Montréal | ||
| 260 | |c 1976 | ||
| 300 | |a 271 páginas | ||
| 650 | |a LITERATURA CANADIENSE | ||
| 999 | |c 6645 |d 6645 | ||
| 942 | |c 15 D |h 818 S-1s |2 z | ||
